书目信息 |
| 题名: |
马克思对黑格尔辩证法的扬弃
|
|
| 作者: | 朱长兵 著 | |
| 分册: | ||
| 出版信息: | 北京 中央编译出版社 2018 |
|
| 页数: | 236页 | |
| 开本: | 24cm | |
| 丛书名: | ||
| 单 册: | ||
| 中图分类: | B0-0 , B516.35 | |
| 科图分类: | ||
| 主题词: | 马克思主义哲学--研究 | |
| 电子资源: | ||
| ISBN: | 978-7-5117-3455-6 | |
| 000 | 00928nam0 2200265 450 | |
| 001 | 012001002768 | |
| 005 | 20140926114740.0 | |
| 010 | @a978-7-5117-3455-6@dCNY55.00 | |
| 100 | @a20180412d2018 em y0chiy50 ea | |
| 101 | 0 | @achi |
| 102 | @aCN@b110000 | |
| 105 | @ay z 000yy | |
| 106 | @ar | |
| 200 | 1 | @a马克思对黑格尔辩证法的扬弃@9ma ke si dui hei ge er bian zheng fa de yang qi@f朱长兵著 |
| 210 | @a北京@c中央编译出版社@d2018 | |
| 215 | @a236页@d24cm | |
| 300 | @a马克思主义理论研究文库 | |
| 330 | @a本书探讨黑格尔的否定之否定、对立统一规律、抽象和具体、研究方法和叙述方法、逻辑与历史的统一以及马克思对黑格尔辩证法的扬弃等问题,提出了新的见解。 | |
| 600 | 0 | @a黑格尔@c(Hegel, Georg Wehelm@f1770-1831)@x辩证法@x研究 |
| 606 | 0 | @a马克思主义哲学@x研究 |
| 690 | @aB0-0@v5 | |
| 690 | @aB516.35@v5 | |
| 701 | 0 | @a朱长兵@9zhu chang bing@4著 |
| 801 | 0 | @aCN@b上海新华@c20180901 |
| 905 | @b1158599-603@dB0-0@e310@f5 | |
| 马克思对黑格尔辩证法的扬弃/朱长兵著.-北京:中央编译出版社,2018 |
| 236页;24cm |
| 马克思主义理论研究文库 |
| ISBN 978-7-5117-3455-6:CNY55.00 |
| 本书探讨黑格尔的否定之否定、对立统一规律、抽象和具体、研究方法和叙述方法、逻辑与历史的统一以及马克思对黑格尔辩证法的扬弃等问题,提出了新的见解。 |
| ● |
| 相关链接 |
|
|
|
|
正题名:马克思对黑格尔辩证法的扬弃
索取号:B0-0/310
 
预约/预借
| 序号 | 登录号 | 条形码 | 馆藏地/架位号 | 状态 | 备注 |
| 1 | 1158599 | 211585998 | 第一样本阅览室/ [索取号:B0-0/310] | 在馆 | |
| 2 | 1158600 | 211586005 | 第一借阅区/ [索取号:B0-0/310] | 在馆 | |
| 3 | 1158601 | 211586014 | 第一借阅区/ [索取号:B0-0/310] | 在馆 | |
| 4 | 1158602 | 211586023 | 第一借阅区/ [索取号:B0-0/310] | 在馆 | |
| 5 | 1158603 | 211586032 | 第一借阅区/ [索取号:B0-0/310] | 在馆 |